Statistieken voor Wetenschappelijke eenheden obv de grootheden

Klik hier om de quiz te nemen!

Algemene statistieken

  • Deze quiz is 130 keer genomen
  • De gemiddelde score is 13 van 30

Antwoordstatistieken

GrootheidEenheid% Correct
StroomsterkteAmpère
83%
AfstandMeter
83%
TijdSeconde
81%
SpanningVolt
78%
MassaKilogram
71%
Temperatuur (Europa)Graden Celsius
70%
EnergieJoule
68%
Temperatuur (absoluut)Kelvin
68%
WeerstandOhm
66%
FrequentieHertz
64%
VermogenWatt
61%
KrachtNewton
60%
DrukPascal
60%
StofhoeveelheidMol
42%
LichtstroomLumen
38%
Temperatuur (Amerika)Farenheit
34%
HoekgrootteRadiaal
34%
VerlichtingssterkteLux
31%
LadingCoulomb
27%
Magnetische inductieTesla
22%
RadioactiviteitBecquerel
21%
LichtsterkteCandela
18%
CapaciteitFarad
16%
Ioniserend vermogenSievert
14%
ZelfinductieHenry
11%
Elektrische geleidbaarheidSiemens
11%
Magnetische fluxWeber
11%
Ioniserende absorptieGray
9%
RuimtehoekgrootteSteradiaal
9%
Katalysche activiteitKatal
6%

Scoreverdeling

Percentiel versus Aantal Correcte Antwoorden

Procent van Mensen met Elke Score

Uw Scoregeschiedenis

U heeft deze quiz nog niet genomen